Property investment depreciation and obsolescence

Bibliographic Details
Main Author: Baum, Andrew
Format: Book
Published: London : Routledge , 1991
Subjects:

MARC

LEADER 00000cam a2200000 7i4500
001 0000003840
005 20040214.0
020 |a 0415048028 
040 |a INS 
090 0 0 |a HD1120.5   |b B3272 1991 
100 1 |a Baum, Andrew 
245 1 0 |a Property investment depreciation and obsolescence   |c Andrew Baum 
260 |a London :   |b Routledge ,   |c 1991 
300 |a vi :   |b 213p. ;   |c 22 cm. 
650 0 0 |a Investment 
650 0 0 |a Real estete investment 
650 0 0 |a Real property 
999 |a 0000004346   |b BOOK   |c Open Shelf   |e Default branch